[Event "Gran Canaria Vecindario op 1st"]
[Site "Gran Canaria"]
[Date "2023.11.05"]
[Round "9"]
[White "Hidalgo Santana, Fernando"]
[Black "Paz Mendez, German Christopher"]
[Result "1-0"]
[WhiteElo "2027"]
[BlackElo "1903"]
[PlyCount "69"]
[EventDate "2023.11.04"]
[EventType "swiss"]
[EventRounds "9"]
[EventCountry "ESP"]
[SourceTitle "CB46_2023"]
[SourceDate "2023.11.15"]
[SourceVersion "1"]
[SourceVersionDate "2023.11.15"]
[SourceQuality "1"]

1. e4 c5 2. c3 Nf6 3. e5 Nd5 4. d4 d6 5. dxc5 dxc5 6. c4 Nb6 7. Qxd8+ Kxd8 8. Nc3 Be6 9. b3 g6 10. Be3 N6d7 11. 0-0-0 Bg7 12. f4 a6 13. Bxc5 Nc6 14. Nf3 Kc7 15. Be3 h6 16. Nd5+ Kd8 17. Kb1 a5 18. Nd4 Nxd4 19. Bxd4 Ra6 20. Bd3 Bg4 21. Rd2 e6 22. Ne3 Bf5 23. Nxf5 gxf5 24. Be2 Ke7 25. Bf3 Rb8 26. Bb2 a4 27. Rhd1 Nb6 28. c5 a3 29. Bc3 Na8 30. Rd7+ Ke8 31. Bxb7 Ra7 32. c6 Nb6 33. Bd4 Nxd7 34. cxd7+ Kd8 35. Bb6+ 1-0

[Event "San Cristobal op 5th"]
[Site "San Cristobal de La Laguna"]
[Date "2023.08.27"]
[Round "3"]
[White "Xu, Yuanyuan"]
[Black "Paz Mendez, German Christopher"]
[Result "1-0"]
[WhiteElo "2320"]
[BlackElo "2003"]
[PlyCount "60"]
[EventDate "2023.08.26"]
[EventType "swiss"]
[EventRounds "9"]
[EventCountry "ESP"]
[SourceTitle "EXT 2024"]
[Source "ChessBase"]
[SourceDate "2023.10.10"]
[SourceVersion "1"]
[SourceVersionDate "2023.10.10"]
[SourceQuality "1"]

1. d4 d5 2. c4 e5 3. dxe5 d4 4. Nf3 Nc6 5. a3 f6 6. exf6 Nxf6 7. b4 Bg4 8. Nbd2 Qe7 9. h3 Bxf3 10. Nxf3 0-0-0 11. Qd3 Kb8 12. g3 h6 13. Bg2 g5 14. b5 Ne5 15. Nxe5 Qxe5 16. Qf3 c6 17. bxc6 Bc5 18. Rb1 Bb6 19. Rb5 Qe6 20. c7+ Kxc7 21. Qxb7+ Kd6 22. c5+ Bxc5 23. Rxc5 Rc8 24. Rc6+ Rxc6 25. Qxc6+ Ke7 26. Qc5+ Kf7 27. Qxa7+ Kg6 28. Qxd4 Re8 29. Qd3+ Kf7 30. Bb2 Rh8 1-0

[Event "Tenerife-chT Preferente"]
[Site "Tenerife"]
[Date "2023.05.20"]
[Round "14"]
[White "Paz Mendez, German Christopher"]
[Black "Perez Garcia, Saul"]
[Result "1-0"]
[WhiteElo "2001"]
[BlackElo "1844"]
[PlyCount "141"]
[EventDate "2023.01.14"]
[EventType "team-tourn"]
[EventRounds "14"]
[EventCountry "ESP"]
[SourceTitle "EXT 2024"]
[Source "ChessBase"]
[SourceDate "2023.10.10"]
[SourceVersion "1"]
[SourceVersionDate "2023.10.10"]
[SourceQuality "1"]
[WhiteTeam "Canarias 64"]
[BlackTeam "Caissa Enroque"]
[WhiteTeamCountry "ESP"]
[BlackTeamCountry "ESP"]

1. e4 c5 2. Nc3 e6 3. g3 d5 4. d3 Nc6 5. Bg2 d4 6. Nce2 Be7 7. f4 h5 8. h3 b6 9. Nf3 Bb7 10. 0-0 Nf6 11. a4 Qc7 12. Bd2 a6 13. c3 dxc3 14. Bxc3 0-0 15. Qc2 Rac8 16. Rac1 b5 17. b3 Rfd8 18. Rfd1 Qb6 19. Kh2 Nb4 20. Qb1 Bc6 21. Ne5 Be8 22. axb5 axb5 23. Rd2 Nd7 24. Nf3 Nc6 25. Rcd1 b4 26. Bb2 Nf6 27. d4 Na5 28. dxc5 Qxc5 29. Bd4 Qc7 30. Ng5 g6 31. Qb2 Nh7 32. Bh8 Bf8 33. Nxh7 Kxh7 34. Bf6 Rxd2 35. Rxd2 Nc6 36. g4 Bh6 37. e5 hxg4 38. hxg4 Bg7 39. Bh4 Nxe5 40. fxe5 Bxe5+ 41. Bg3 Bxb2 42. Bxc7 Bc3 43. Rd8 Be5+ 44. Kg1 Rxc7 45. Rxe8 Rc2 46. Kf1 Rb2 47. Bd5 exd5 48. Rxe5 Rxb3 49. Rxd5 Kh6 50. Rb5 Rb2 51. Kf2 Rb1 52. Nd4 Rb2+ 53. Kg3 b3 54. g5+ Kg7 55. Nxb3 Rb1 56. Kf2 Rb2+ 57. Ke3 Rb1 58. Kd2 Rf1 59. Nd4 f6 60. Ke2 Ra1 61. Rb7+ Kg8 62. Rb8+ Kf7 63. Rb7+ Kg8 64. gxf6 Ra6 65. f7+ Kg7 66. Nf3 Ra8 67. Ng5 Ra2+ 68. Kd1 Ra1+ 69. Kc2 Ra2+ 70. Kb1 Ra6 71. Nh7 1-0

[Event "Tenerife-chT Preferente"]
[Site "Tenerife"]
[Date "2023.02.04"]
[Round "4.4"]
[White "Aguirre Lorenzo, Luis Francisco"]
[Black "Paz Mendez, German Christopher"]
[Result "0-1"]
[WhiteElo "1869"]
[BlackElo "2001"]
[PlyCount "74"]
[EventDate "2023.01.14"]
[EventType "team-tourn"]
[EventRounds "14"]
[EventCountry "ESP"]
[SourceTitle "EXT 2024"]
[Source "ChessBase"]
[SourceDate "2023.10.10"]
[SourceVersion "1"]
[SourceVersionDate "2023.10.10"]
[SourceQuality "1"]
[WhiteTeam "Circulo de Amistad XII Enero"]
[BlackTeam "Canarias 64"]
[WhiteTeamCountry "ESP"]
[BlackTeamCountry "ESP"]

1. d4 d5 2. c4 e6 3. Nc3 Nf6 4. Bf4 c6 5. cxd5 exd5 6. e3 Bb4 7. Bd3 0-0 8. Nge2 Re8 9. 0-0 Nh5 10. Qc2 Nxf4 11. Nxf4 g6 12. Nce2 Nd7 13. Ng3 Nf6 14. Be2 Qe7 15. Nd3 Bd6 16. Nc5 h5 17. Bd3 b6 18. Nb3 Qc7 19. Rac1 Bb7 20. Bxg6 h4 21. Nh5 Bxh2+ 22. Kh1 Nxh5 23. Bxh5 Bd6 24. Bf3 Qd7 25. e4 Bf4 26. Rce1 Qe6 27. Re2 Ba6 28. exd5 Qd6 29. Rxe8+ Rxe8 30. Rd1 cxd5 31. Qf5 Re6 32. Qxd5 Qb4 33. Rg1 Re1 34. g3 Rxg1+ 35. Kxg1 Qe1+ 36. Kh2 Qxf2+ 37. Bg2 Qxg3+ 0-1

[Event "Tenerife-chT Preferente"]
[Site "Tenerife"]
[Date "2023.01.14"]
[Round "1.4"]
[White "Paz Mendez, German Christopher"]
[Black "Hernandez Leon, Sergio"]
[Result "1-0"]
[WhiteElo "2001"]
[BlackElo "2178"]
[PlyCount "55"]
[EventDate "2023.01.14"]
[EventType "team-tourn"]
[EventRounds "14"]
[EventCountry "ESP"]
[SourceTitle "EXT 2024"]
[Source "ChessBase"]
[SourceDate "2023.10.10"]
[SourceVersion "1"]
[SourceVersionDate "2023.10.10"]
[SourceQuality "1"]
[WhiteTeam "Canarias 64"]
[BlackTeam "Ebano Barrio Nuevo"]
[WhiteTeamCountry "ESP"]
[BlackTeamCountry "ESP"]

1. e4 e5 2. Nf3 Nc6 3. Bb5 g6 4. d4 exd4 5. Nxd4 Bg7 6. Be3 Nf6 7. Nc3 0-0 8. Qd2 Ng4 9. Bg5 Qe8 10. Nxc6 bxc6 11. Be2 d6 12. f3 Ne5 13. Bh6 f5 14. Bxg7 Kxg7 15. 0-0-0 Qf7 16. f4 Nd7 17. exf5 Qxf5 18. Rhf1 Nf6 19. Bd3 Qa5 20. f5 Ba6 21. Qg5 Rae8 22. g4 Bxd3 23. Rxd3 Qb4 24. Rf4 Qc5 25. Rfd4 Qe5 26. Qf4 gxf5 27. gxf5 Qe1+ 28. Rd1 1-0

[Event "San Cristobal de La Laguna op 4th"]
[Site "San Cristobal de La Laguna"]
[Date "2022.09.03"]
[Round "9"]
[White "Paz Mendez, German Christopher"]
[Black "Garcia Padron, Jose"]
[Result "0-1"]
[WhiteElo "1998"]
[BlackElo "2410"]
[PlyCount "60"]
[EventDate "2022.08.27"]
[EventType "swiss"]
[EventRounds "9"]
[EventCountry "ESP"]
[SourceTitle "CBM 210 Extra"]
[Source "ChessBase"]
[SourceDate "2022.11.30"]
[SourceVersion "1"]
[SourceVersionDate "2022.11.30"]
[SourceQuality "1"]

1. e4 e5 2. d4 exd4 3. Qxd4 Nc6 4. Qe3 Nf6 5. Nc3 Bb4 6. Bd2 0-0 7. 0-0-0 Re8 8. Qg3 Ne5 9. Nge2 Nh5 10. Qh3 g6 11. g4 d5 12. f3 d4 13. Bh6 Bxc3 14. Nxc3 c6 15. Ne2 c5 16. Ng3 Ng7 17. Nf5 gxf5 18. gxf5 Qf6 19. Rg1 Ng6 20. Bc4 Nxf5 21. Bg5 Ne3 22. Qh6 Qg7 23. Bxe3 dxe3 24. Qxe3 Be6 25. Bb5 Red8 26. Rxd8+ Rxd8 27. h4 h5 28. Qxc5 Qd4 29. Qg5 Rc8 30. Kb1 Rc5 0-1

[Event "Tenerife-ch"]
[Site "Santa Cruz"]
[Date "2022.05.02"]
[Round "6"]
[White "Paz Mendez, German Christopher"]
[Black "Diaz Reyes, Iker"]
[Result "1-0"]
[WhiteElo "2002"]
[BlackElo "1266"]
[PlyCount "51"]
[EventDate "2022.04.20"]
[EventType "swiss"]
[EventRounds "9"]
[EventCountry "ESP"]
[SourceTitle "EXT 2023"]
[Source "ChessBase"]
[SourceDate "2022.10.05"]
[SourceVersion "1"]
[SourceVersionDate "2022.10.05"]
[SourceQuality "1"]

1. e4 e5 2. Nf3 Nc6 3. d4 exd4 4. Nxd4 Bc5 5. Nxc6 Qf6 6. Qd2 Qxc6 7. Bd3 b6 8. 0-0 Bb7 9. b3 0-0-0 10. Bb2 Ne7 11. b4 Bd6 12. b5 Qc5 13. Nc3 h5 14. Ne2 h4 15. Bd4 Qh5 16. f4 Rh6 17. Rf2 f6 18. a4 g5 19. e5 fxe5 20. fxe5 Bxe5 21. Bxe5 g4 22. Qc3 d6 23. Bf4 Rhh8 24. Qf6 g3 25. Rff1 Qd5 26. Rf3 1-0

[Event "Tenerife-chT Preferente"]
[Site "Tenerife"]
[Date "2022.04.30"]
[Round "10.3"]
[White "Mendoza de Leon, Alvaro"]
[Black "Paz Mendez, German Christopher"]
[Result "0-1"]
[WhiteElo "1264"]
[BlackElo "1948"]
[PlyCount "60"]
[EventDate "2022.01.29"]
[EventType "team-tourn"]
[EventRounds "14"]
[EventCountry "ESP"]
[SourceTitle "EXT 2024"]
[Source "ChessBase"]
[SourceDate "2023.10.10"]
[SourceVersion "1"]
[SourceVersionDate "2023.10.10"]
[SourceQuality "1"]
[WhiteTeam "Piratas La Orotava"]
[BlackTeam "Canarias 64"]
[WhiteTeamCountry "ESP"]
[BlackTeamCountry "ESP"]

1. e4 c5 2. Nc3 d6 3. f4 g6 4. Nf3 Bg7 5. Bb5+ Bd7 6. Bxd7+ Qxd7 7. d3 Nc6 8. 0-0 Nf6 9. Qe1 d5 10. e5 Ng4 11. Bd2 0-0-0 12. a3 e6 13. b4 f6 14. h3 h5 15. hxg4 hxg4 16. Nh2 fxe5 17. Nxg4 exf4 18. Rb1 Bd4+ 19. Nf2 Qh7 20. Qxe6+ Rd7 21. Qh3 Qg8 22. Qg4 Ne5 23. Qxf4 Rf7 24. Nxd5 Qh7 25. Qh6 Ng4 26. Qxh7 Rfxh7 27. g3 Rh2 28. Be3 Bxe3 29. Nxe3 Nxe3 30. Rbe1 Rg2# 0-1

[Event "Tenerife-ch"]
[Site "Santa Cruz"]
[Date "2022.04.25"]
[Round "3"]
[White "Perez Perez, Gabriel"]
[Black "Paz Mendez, German Christopher"]
[Result "1-0"]
[WhiteElo "2202"]
[BlackElo "2002"]
[PlyCount "77"]
[EventDate "2022.04.20"]
[EventType "swiss"]
[EventRounds "9"]
[EventCountry "ESP"]
[SourceTitle "EXT 2023"]
[Source "ChessBase"]
[SourceDate "2022.10.05"]
[SourceVersion "1"]
[SourceVersionDate "2022.10.05"]
[SourceQuality "1"]

1. c4 e5 2. Nc3 Nf6 3. Nf3 Nc6 4. e4 d6 5. h3 Nd4 6. d3 h6 7. Nxd4 exd4 8. Ne2 c5 9. g3 Bd7 10. Bg2 Qc7 11. 0-0 g6 12. b4 Bg7 13. bxc5 Qxc5 14. Qb3 Bc6 15. Ba3 Qe5 16. f4 Qh5 17. Nxd4 0-0 18. Nxc6 bxc6 19. Bxd6 Rfd8 20. e5 Rxd6 21. exd6 Qc5+ 22. Kh2 Nh5 23. Rad1 Qxd6 24. Qb7 Rb8 25. Qxc6 Qd4 26. Qe4 Qc5 27. Rd2 Nf6 28. Qc6 Qe3 29. Rfd1 Nh5 30. Bf3 Bc3 31. Re2 Rb2 32. Rxb2 Bxb2 33. Bxh5 gxh5 34. Qe4 Qf2+ 35. Qg2 Qd4 36. Rb1 Ba3 37. Rb8+ Kg7 38. h4 Bc5 39. Qb2 1-0

[Event "Tenerife-chT Preferente"]
[Site "Tenerife"]
[Date "2022.04.02"]
[Round "8.4"]
[White "Mamani Beltran, Deniman"]
[Black "Paz Mendez, German Christopher"]
[Result "1-0"]
[WhiteElo "1975"]
[BlackElo "1948"]
[PlyCount "109"]
[EventDate "2022.01.29"]
[EventType "team-tourn"]
[EventRounds "14"]
[EventCountry "ESP"]
[SourceTitle "EXT 2024"]
[Source "ChessBase"]
[SourceDate "2023.10.10"]
[SourceVersion "1"]
[SourceVersionDate "2023.10.10"]
[SourceQuality "1"]
[WhiteTeam "Fundacion La Caja de Canarias"]
[BlackTeam "Canarias 64"]
[WhiteTeamCountry "ESP"]
[BlackTeamCountry "ESP"]

1. Nf3 c5 2. g3 d5 3. Bg2 Nc6 4. 0-0 e5 5. d3 Be7 6. c4 Nf6 7. Bg5 dxc4 8. dxc4 Qb6 9. b3 h6 10. Bxf6 Bxf6 11. Nc3 Be6 12. Rc1 0-0 13. Nd2 Rad8 14. Nd5 Bxd5 15. cxd5 Ne7 16. e4 Qb4 17. Rc4 Qb5 18. Qc2 b6 19. Rc3 Nc8 20. Nc4 Nd6 21. a4 Qa6 22. Rb1 Nxc4 23. bxc4 Rd6 24. Rb5 Qc8 25. a5 Re8 26. axb6 axb6 27. Ra3 Qg4 28. h3 Qg5 29. Kh2 Bd8 30. Rbb3 Rf8 31. Rf3 g6 32. Ra7 f5 33. exf5 gxf5 34. Qe2 Bf6 35. Rfa3 e4 36. Ra8 Bd8 37. Qb2 Qg7 38. Qe2 Rg6 39. R3a7 Qf6 40. Qd2 Qe5 41. Rd7 Bh4 42. Rxf8+ Kxf8 43. Qe3 Be7 44. d6 Bxd6 45. Qa3 Be7 46. Qa8+ Kf7 47. Rd5 Qe6 48. Qh8 Rg7 49. Qb8 Kg6 50. Re5 Qf6 51. Qe8+ Kh7 52. Rxe4 Bd6 53. Re6 Qd4 54. Qh5 Qxf2 55. Rxh6+ 1-0

[Event "Tenerife-chT Preferente"]
[Site "Tenerife"]
[Date "2022.03.26"]
[Round "7.4"]
[White "Alvarez Alonso, Alberto"]
[Black "Paz Mendez, German Christopher"]
[Result "0-1"]
[WhiteElo "2007"]
[BlackElo "1948"]
[PlyCount "98"]
[EventDate "2022.01.29"]
[EventType "team-tourn"]
[EventRounds "14"]
[EventCountry "ESP"]
[SourceTitle "EXT 2024"]
[Source "ChessBase"]
[SourceDate "2023.10.10"]
[SourceVersion "1"]
[SourceVersionDate "2023.10.10"]
[SourceQuality "1"]
[WhiteTeam "Al Shah Mat Los Realejos"]
[BlackTeam "Canarias 64"]
[WhiteTeamCountry "ESP"]
[BlackTeamCountry "ESP"]

1. d4 f5 2. Nc3 e6 3. e4 Bb4 4. exf5 exf5 5. Bd3 d6 6. Qf3 Qf6 7. Bd2 Ne7 8. 0-0-0 Nbc6 9. Nge2 Bd7 10. a3 Ba5 11. Nd5 Bxd2+ 12. Rxd2 Nxd5 13. Qxd5 0-0-0 14. h4 Rde8 15. Bb5 Re7 16. Qf3 Rhe8 17. Bxc6 Bxc6 18. d5 Bb5 19. Nc3 Bd7 20. g3 Kb8 21. Rhd1 h6 22. h5 Qg5 23. Kb1 f4 24. gxf4 Bg4 25. Qg3 Qxh5 26. Rg1 Bf5 27. Ka2 Qf7 28. Nd1 Bh7 29. Ne3 Rf8 30. Qh4 Re4 31. Rg4 Rxf4 32. c4 Rxg4 33. Qxg4 a6 34. c5 dxc5 35. Qc4 Qe7 36. Qb3 Bg8 37. Nc4 Rf6 38. Qc3 Qe4 39. b3 Bxd5 40. Ne3 Bc6 41. Qxc5 b6 42. Qc3 Kb7 43. a4 a5 44. Nc4 Bd5 45. Nxa5+ bxa5 46. Qxa5 c6 47. Qd8 Qxa4+ 48. Kb1 Qe4+ 49. Ka2 Rf7 0-1

[Event "Tenerife-chT Preferente"]
[Site "Tenerife"]
[Date "2022.02.19"]
[Round "4.4"]
[White "Paz Mendez, German Christopher"]
[Black "Garcia Rodriguez, Pedro Leopoldo"]
[Result "1-0"]
[WhiteElo "1948"]
[BlackElo "1815"]
[PlyCount "49"]
[EventDate "2022.01.29"]
[EventType "team-tourn"]
[EventRounds "14"]
[EventCountry "ESP"]
[SourceTitle "EXT 2024"]
[Source "ChessBase"]
[SourceDate "2023.10.10"]
[SourceVersion "1"]
[SourceVersionDate "2023.10.10"]
[SourceQuality "1"]
[WhiteTeam "Canarias 64"]
[BlackTeam "Rey Ahogado"]
[WhiteTeamCountry "ESP"]
[BlackTeamCountry "ESP"]

1. e4 e6 2. Qe2 c5 3. g3 g6 4. Bg2 Bg7 5. Nc3 Nc6 6. Nf3 Nge7 7. 0-0 0-0 8. d3 h6 9. Be3 Nd4 10. Qd2 Kh7 11. Ne2 Nxe2+ 12. Qxe2 b6 13. c3 Ba6 14. Qc2 Rc8 15. Rad1 Nc6 16. Rfe1 d5 17. d4 cxd4 18. Nxd4 Nxd4 19. Bxd4 e5 20. Be3 d4 21. Qa4 Bb7 22. cxd4 exd4 23. Bxd4 Bxd4 24. Rxd4 Qc7 25. Rd7 1-0

[Event "Tenerife-chT Preferente"]
[Site "Tenerife"]
[Date "2021.06.05"]
[Round "8.4"]
[White "Diaz Reyes, Killian"]
[Black "Paz Mendez, German Christopher"]
[Result "0-1"]
[WhiteElo "1808"]
[BlackElo "1932"]
[PlyCount "52"]
[EventDate "2021.02.27"]
[EventType "team-tourn"]
[EventRounds "14"]
[EventCountry "ESP"]
[SourceTitle "EXT 2023"]
[Source "ChessBase"]
[SourceDate "2022.10.05"]
[SourceVersion "1"]
[SourceVersionDate "2022.10.05"]
[SourceQuality "1"]
[WhiteTeam "Fundacion La Caja de Canarias"]
[BlackTeam "Canarias 64"]
[WhiteTeamCountry "ESP"]
[BlackTeamCountry "ESP"]

1. e4 c5 2. Nf3 e6 3. d4 cxd4 4. Nxd4 a6 5. Nc3 Qc7 6. Qf3 Nf6 7. Qg3 d6 8. Be2 b5 9. a3 Bb7 10. Bf3 Nbd7 11. 0-0 Ne5 12. Re1 Be7 13. Qxg7 Rg8 14. Qh6 Qc5 15. Qe3 Qxd4 16. Qe2 Qc4 17. Qe3 Qc5 18. Qe2 Nxf3+ 19. Qxf3 Qh5 20. Qe3 Rc8 21. Qb6 Qf3 22. g3 Nxe4 23. Qxb7 Qxf2+ 24. Kh1 Qxe1+ 25. Kg2 Qf2+ 26. Kh3 Qf1# 0-1

[Event "Isla de Tenerife 2000+ 1st"]
[Site "Tenerife"]
[Date "2021.02.07"]
[Round "7.4"]
[White "Rodriguez Redondo, Ethan"]
[Black "Paz Mendez, German Christopher"]
[Result "1-0"]
[WhiteElo "1970"]
[BlackElo "1932"]
[PlyCount "83"]
[EventDate "2021.01.23"]
[EventType "tourn"]
[EventRounds "7"]
[EventCountry "ESP"]
[SourceTitle "EXT 2024"]
[Source "ChessBase"]
[SourceDate "2023.10.10"]
[SourceVersion "1"]
[SourceVersionDate "2023.10.10"]
[SourceQuality "1"]

1. e4 c5 2. Nf3 Nc6 3. d4 cxd4 4. Nxd4 e5 5. Nb5 d6 6. c4 a6 7. N5c3 h6 8. Nd5 Nce7 9. Nbc3 Nxd5 10. Nxd5 Nf6 11. Be3 Nxd5 12. Qxd5 Be7 13. Be2 0-0 14. 0-0 Qc7 15. b3 Be6 16. Qd3 Rad8 17. a4 Qc6 18. a5 f5 19. f3 Rf6 20. b4 Qe8 21. Bb6 Rc8 22. Rfc1 Qg6 23. Kh1 Qg5 24. exf5 Rxf5 25. Qe3 Qf6 26. Bd3 Rh5 27. Qe4 Qh4 28. Qxh4 Rxh4 29. g3 Rh3 30. Be4 Rxc4 31. Rxc4 Bxc4 32. Bxb7 Rh5 33. Rc1 Bd3 34. Bd5+ Kh7 35. Rc7 e4 36. fxe4 Bf6 37. Kg2 Rg5 38. Kf3 h5 39. Be3 Rxd5 40. exd5 Be5 41. Bf4 Bxf4 42. Kxf4 1-0

[Event "Tenerife U2200 1st"]
[Site "Tenerife"]
[Date "2021.01.24"]
[Round "3"]
[White "Oudeh Mishmesh, Omar"]
[Black "Paz Mendez, German Christopher"]
[Result "1-0"]
[WhiteElo "1918"]
[BlackElo "1932"]
[PlyCount "169"]
[EventDate "2021.01.23"]
[EventType "tourn"]
[EventRounds "7"]
[EventCountry "ESP"]
[SourceTitle "CBM 200 Extra"]
[Source "ChessBase"]
[SourceDate "2021.03.31"]
[SourceVersion "1"]
[SourceVersionDate "2021.03.31"]
[SourceQuality "1"]

1. e4 c6 2. d4 d5 3. exd5 cxd5 4. Bd3 Nf6 5. c3 Nc6 6. Bf4 e6 7. Nf3 Bd6 8. Bxd6 Qxd6 9. Nbd2 e5 10. dxe5 Nxe5 11. Qe2 Nfd7 12. 0-0-0 0-0 13. Bc2 Ng6 14. g3 Nf6 15. Nd4 Re8 16. Qf1 a6 17. h4 h6 18. h5 Ne5 19. Nf5 Qc7 20. Ne3 b5 21. Rh4 Rb8 22. Rd4 Be6 23. Nb3 a5 24. Rf4 Nxh5 25. Rh4 Nf6 26. Qh1 Neg4 27. Qf3 Nxe3 28. fxe3 b4 29. Rdh1 Qe5 30. Nxa5 Rec8 31. Qf4 Qxf4 32. Rxf4 bxc3 33. b4 d4 34. Rxd4 Bxa2 35. Bb3 Bxb3 36. Nxb3 Rb6 37. Kc2 Rcb8 38. Rhh4 Kh7 39. Rhf4 Nh5 40. Rxf7 Rxb4 41. Rxb4 Rxb4 42. Kxc3 Rg4 43. Nc5 Nxg3 44. Kd3 h5 45. e4 Kg8 46. Rf2 g6 47. Nd7 Kg7 48. Nf6 Rh4 49. e5 Nf5 50. Ra2 Rh3+ 51. Ke4 Kh6 52. Ra7 Kg5 53. Nh7+ Kg4 54. Nf6+ Kg5 55. Nh7+ Kh4 56. Ra4 Re3+ 57. Kf4 Re1 58. Kf3+ Kh3 59. Ng5+ Kh2 60. Ra2+ Kh1 61. Kf2 Rg1 62. Ra3 Rg2+ 63. Kf1 Rg1+ 64. Kf2 Rg2+ 65. Kf1 Ng3+ 66. Ke1 Rg1+ 67. Kf2 Rg2+ 68. Ke1 Kh2 69. e6 h4 70. Nf3+ Kh3 71. Re3 Nf5 72. Nd4+ Nxe3 73. e7 Rg1+ 74. Ke2 Ng2 75. Kd2 Re1 76. Ne2 g5 77. e8Q g4 78. Qe4 Rf1 79. Nd4 Rf2+ 80. Kd1 g3 81. Nf3 Rf1+ 82. Kd2 Rf2+ 83. Kd1 Rf1+ 84. Kd2 Ra1 85. Qf5# 1-0

[Event "Tenerife-chT Primera 1920"]
[Site "Tenerife "]
[Date "2020.01.25"]
[Round "5.1"]
[White "Castilla Arteaga, Carlos David"]
[Black "Paz Mendez, German Christopher"]
[Result "0-1"]
[WhiteElo "1775"]
[BlackElo "1981"]
[PlyCount "32"]
[EventDate "2019.11.30"]
[EventType "team-tourn"]
[EventRounds "14"]
[EventCountry "ESP"]
[SourceTitle "CBM 195 Extra"]
[Source "ChessBase"]
[SourceDate "2020.05.31"]
[SourceVersion "1"]
[SourceVersionDate "2020.05.31"]
[SourceQuality "1"]
[WhiteTeam "El Sauzal Libreria Barco II"]
[BlackTeam "Ciberjaque Universidad"]
[WhiteTeamCountry "ESP"]
[BlackTeamCountry "ESP"]

1. e4 c5 2. Nf3 e6 3. d4 cxd4 4. Nxd4 a6 5. Bd3 Qc7 6. Qe2 d6 7. 0-0 b5 8. a4 b4 9. a5 Nc6 10. Nxc6 Qxc6 11. Bd2 Rb8 12. Be3 Nf6 13. Bb6 Qb7 14. Nd2 Ra8 15. f4 Nh5 16. Qe3 Qe7 0-1

[Event "Tenerife-chT Primera 1920"]
[Site "Tenerife "]
[Date "2020.01.04"]
[Round "4.1"]
[White "Paz Mendez, German Christopher"]
[Black "Remon Garcia, Jose Domingo"]
[Result "1-0"]
[WhiteElo "1981"]
[BlackElo "1893"]
[PlyCount "129"]
[EventDate "2019.11.30"]
[EventType "team-tourn"]
[EventRounds "14"]
[EventCountry "ESP"]
[SourceTitle "CBM 195 Extra"]
[Source "ChessBase"]
[SourceDate "2020.05.31"]
[SourceVersion "1"]
[SourceVersionDate "2020.05.31"]
[SourceQuality "1"]
[WhiteTeam "Ciberjaque Universidad"]
[BlackTeam "Al Shah Mat Los Realejos II"]
[WhiteTeamCountry "ESP"]
[BlackTeamCountry "ESP"]

1. e4 d5 2. exd5 Qxd5 3. Nc3 Qd6 4. d4 c6 5. Nge2 Nf6 6. Bf4 Qd8 7. h3 Bf5 8. g4 Bg6 9. Bg2 e6 10. 0-0 Bd6 11. Qd2 0-0 12. Rfe1 Na6 13. Bg5 Be7 14. Nf4 Nd5 15. Bxe7 Nxe7 16. Nxg6 Nxg6 17. Rad1 Qc7 18. Ne4 Rad8 19. Qg5 h6 20. Qe3 Nb4 21. Qb3 Nd5 22. c4 Ndf4 23. Bf1 b6 24. a4 Qe7 25. c5 Qh4 26. Nd6 Rb8 27. Re4 bxc5 28. Qf3 Nd5 29. b3 cxd4 30. Rdxd4 Qg5 31. Qg3 Nge7 32. f4 Qg6 33. h4 Nf5 34. Nxf5 exf5 35. h5 Qxg4 36. Qxg4 fxg4 37. Bc4 Rfe8 38. Kf2 Rxe4 39. Rxe4 Kf8 40. f5 Nf6 41. Rd4 Ke7 42. Kg3 Rb7 43. Rd3 Rd7 44. Re3+ Kd8 45. Kh4 Rd4 46. Bxf7 Ne4 47. Bc4 Nf6 48. Bf7 Kd7 49. Bc4 Nd5 50. Rg3 Nf6 51. Re3 Nd5 52. Re5 Nf6 53. Ra5 g3+ 54. Kxg3 Nxh5+ 55. Kf2 Rf4+ 56. Ke3 Rh4 57. Rxa7+ Kd6 58. a5 Ng3 59. Be6 g5 60. a6 Rh1 61. Rd7+ Kc5 62. a7 Ra1 63. f6 Re1+ 64. Kd2 Rxe6 65. a8Q 1-0

[Event "Santa Cruz de Tenerife Autumn op"]
[Site "Santa Cruz de Tenerife"]
[Date "2019.10.18"]
[Round "2"]
[White "Paz Mendez, German Christopher"]
[Black "Molina Rodriguez, Borja"]
[Result "0-1"]
[WhiteElo "1981"]
[BlackElo "2157"]
[PlyCount "140"]
[EventDate "2019.10.16"]
[EventType "swiss"]
[EventRounds "9"]
[EventCountry "ESP"]
[SourceTitle "CBM 192 Extra"]
[Source "Chessbase"]
[SourceDate "2019.11.06"]
[SourceVersion "1"]
[SourceVersionDate "2019.11.06"]
[SourceQuality "1"]

1. e4 e5 2. Nf3 Nc6 3. Bb5 a6 4. Ba4 Nf6 5. d3 d6 6. c3 g6 7. Nbd2 Bg7 8. 0-0 0-0 9. Re1 b5 10. Bb3 Na5 11. Bc2 c5 12. Nf1 Re8 13. Be3 Bb7 14. Ng3 Qc7 15. h3 d5 16. Nh2 c4 17. Ng4 Nxg4 18. hxg4 cxd3 19. Bxd3 Nc4 20. Bxc4 Qxc4 21. exd5 Bxd5 22. a4 Rad8 23. Qe2 Qc6 24. axb5 axb5 25. f3 Rb8 26. Ra5 Bf8 27. Qf2 Ra8 28. Rea1 Rxa5 29. Rxa5 Ra8 30. Rxa8 Qxa8 31. Qd2 Qc6 32. Bh6 Bc5+ 33. Be3 Be7 34. Bf2 Qe6 35. Qd3 Bc4 36. Qe4 Bd5 37. Qd3 Bc4 38. Qe4 h6 39. f4 exf4 40. Qxf4 Bg5 41. Qb8+ Kh7 42. Bd4 Be3+ 43. Bxe3 Qxe3+ 44. Kh2 Qg5 45. Qd6 Qh4+ 46. Kg1 Qxg4 47. Qe5 Qe6 48. Qd4 f5 49. Qa7+ Qf7 50. Qd4 h5 51. Kf2 Qe7 52. Kg1 h4 53. Nh1 Kh6 54. Nf2 g5 55. Nh3 Kg6 56. Qb6+ Qe6 57. Qd4 Qe1+ 58. Kh2 Qg3+ 59. Kh1 g4 60. Nf2 Bf1 61. Qb6+ Kh5 62. Qb7 Qxf2 63. Qh7+ Kg5 64. Qe7+ Kf4 65. Qd6+ Ke3 66. Qc5+ Ke2 67. Qxb5+ Kd2 68. Qd5+ Kc1 69. Qa8 h3 70. gxh3 g3 0-1